Chicago Bulls roster 1996-97 - Statistics

General Stats
  • This quiz has been taken 17 times
  • The average score is 8 of 15
Answer Stats
Number Player % Correct
91 Dennis Rodman
100%
23 Michael Jordan
100%
33 Scottie Pippen
100%
25 Steve Kerr
81%
7 Toni Kukoc
75%
9 Ron Harper
63%
13 Luc Longley
50%
34 Bill Wennington
31%
00 Robert Parish
31%
8 Dickey Simpkins
25%
35 Jason Caffey
25%
1 Randy Brown
25%
18 Bison Dele
19%
30 Jud Buechler
19%
6 Matt Steigenga
6%
No matching quizzes found
Score Distribution
Percent of People with Each Score
Percentile by Number Answered
Your Score History
You have not taken this quiz